دفع التشنيع في مسألة التسميع / (رقم التسجيلة. 69071)

تفاصيل مارك
000 -LEADER
fixed length control field 00840nam a22002297a 4500
005 - DATE AND TIME OF LATEST TRANSACTION
control field 20251108172039.0
008 - FIXED-LENGTH DATA ELEMENTS--GENERAL INFORMATION
fixed length control field 250721s1987 xx 000 0 ara d
082 14 - DEWEY DECIMAL CLASSIFICATION NUMBER
Classification number 217.322/سيو
100 1# - MAIN ENTRY--PERSONAL NAME
Personal name السيوطي، جلال الدين أبو الفضل عبد الرحمن ...
245 10 - TITLE STATEMENT
Title دفع التشنيع في مسألة التسميع /
264 1# - PRODUCTION, PUBLICATION, DISTRIBUTION, MANUFACTURE, AND COPYRIGHT NOTICE
Place of production, publication, distribution, manufacture الكويت :
Name of producer, publisher, distributor, manufacturer مكتبة دار العروبة للنشر و التوزيع،
Date of production, publication, distribution, manufacture, or copyright notice 1987.
300 ## - PHYSICAL DESCRIPTION
Extent 39ص
490 0# - SERIES STATEMENT
Series statement رسائل السيوطي ؛ 1
650 17 - SUBJECT ADDED ENTRY--TOPICAL TERM
Topical term or geographic name as entry element المذاهب الإسلامية
650 17 - SUBJECT ADDED ENTRY--TOPICAL TERM
Topical term or geographic name as entry element الصلاة
650 17 - SUBJECT ADDED ENTRY--TOPICAL TERM
Topical term or geographic name as entry element الإسلام
650 17 - SUBJECT ADDED ENTRY--TOPICAL TERM
Topical term or geographic name as entry element الحديث الشريف
700 1# - ADDED ENTRY--PERSONAL NAME
Personal name جمعه، خالد عبد الكريم
Relator term تحقيق
700 1# - ADDED ENTRY--PERSONAL NAME
Personal name عبد القادر، عبد القادر أحمد
942 ## - ADDED ENTRY ELEMENTS (KOHA)
Source of classification or shelving scheme Dewey Decimal Classification
Koha item type كتب
المقتنيات
حالة السحب حالة الفقدان مصدر التصنيف حالة التلف غير قابل للإعارة المكتبة الرئيسية المكتبة الحالية موقع الرف تاريخ التزويد الرقم المتسلسل Total Checkouts رقم الإستدعاء تاريخ آخر ظهور تاريخ الفاتورة نوع المادة (كوها)
    Dewey Decimal Classification Unchecked   مكتبة الأميرة ايمان العامة مكتبة الأميرة ايمان العامة الإعارة 06/07/2004 3650   217.322/سيو 28/07/2025 06/07/2004 كتب
Implemented & Customized by: BBB with SCIT (Smart Chains for Information Technology)

Powered by Koha